00351nam a2200133Ia 4500001000400000008004100004020002100045082002000066100001800086245004600104260002400150901002800174999001500202628241024s9999 xx 000 0 und d a978-9945-45713-1 aRD/864.44/C691c a[*SIN AUTOR*] 0aCrítica de literatura y arte. Filosofia bSanto Domingoc2009 a23/11/2010 9:17:37 a.m. c7733d7733